Discursos leídos en la recepción pública del Prof. Manuel I. Mesa Rodríguez el día 11 de marzo de 1949 (Record no. 103809)

MARC details
000 -LEADER
campo de control de longitud fija 00892nam a2200205 i 4500
001 - NÚMERO DE CONTROL
campo de control 103809
003 - IDENTIFICADOR DE NÚMERO DE CONTROL
campo de control ES-MaACL
005 - FECHA Y HORA DE LA ÚLTIMA TRANSACCIÓN
campo de control 20230906183441.0
007 - CAMPO FIJO DE DESCRIPCIÓN FÍSICA--INFORMACIÓN GENERAL
campo de control de longitud fija t|
008 - DATOS DE LONGITUD FIJA--INFORMACIÓN GENERAL
campo de control de longitud fija 051118s1949 cu ||||1| spa d
100 1# - ENTRADA PRINCIPAL--NOMBRE DE PERSONA
Nombre de persona Mesa Rodríguez, Manuel I.
9 (RLIN) 80641
245 10 - MENCIÓN DEL TÍTULO
Título Discursos leídos en la recepción pública del Prof. Manuel I. Mesa Rodríguez el día 11 de marzo de 1949
Resto del título : contesta en nombre de la Corporación el Dr. José Manuel Pérez Cabrera... /
Mención de responsabilidad, etc. Manuel I. Mesa Rodríguez.
260 ## - PUBLICACIÓN, DISTRIBUCIÓN, ETC.
Lugar de publicación, distribución, etc. La Habana :
Nombre del editor, distribuidor, etc. [s.n.],
Fecha de publicación, distribución, etc. 1949 (
Fabricante Imp. El Siglo XX)
300 ## - DESCRIPCIÓN FÍSICA
Extensión 46 p. ;
Dimensiones 25 cm.
500 ## - NOTA GENERAL
Nota general [Rectificaciones históricas en torno a José Isidoro de Armenteros y Muñoz]
500 ## - NOTA GENERAL
Nota general Precede al tít.: Academia de la Historia de Cuba.
700 1# - ENTRADA AGREGADA--NOMBRE PERSONAL
Nombre de persona Pérez Cabrera, José Manuel.
9 (RLIN) 90691
710 2# - ENTRADA AGREGADA--NOMBRE DE ENTIDAD CORPORATIVA
Nombre de entidad corporativa o nombre de jurisdicción como elemento de entrada Academia de la Historia de Cuba.
9 (RLIN) 1183
852 ## - LOCALIZACIÓN
Ubicación ES-MaACL
Número de control de estantería 1895-F-9
Sublocalización o colección R.26913
Holdings
Estatus retirado Estado de pérdida Estado de daño No para préstamo Colección Biblioteca de origen Biblioteca actual Ubicación en estantería Fecha de adquisición Fuente de adquisición Total de préstamos Signatura topográfica completa Código de barras Visto por última vez Precio de reemplazo Tipo de ítem Koha
        Colección de folletos Biblioteca del Ateneo de Madrid Biblioteca del Ateneo de Madrid Depósito folletos 17/01/2008     1895-F-9 1108381 23/02/2023 23/02/2023 Folleto